[Event "LSS No Engine Cup 20 Preliminary 2"]
[Site "LSS email"]
[Date "2010.04.05"]
[Round "?"]
[White "Andrews, John"]
[Black "Klapp, Ulrich"]
[Result "1/2-1/2"]
[WhiteElo "1004"]
[BlackElo "1301"]
[PlyCount "110"]
[EventDate "2010.04.06"]
[EventType "tourn (corr)"]
[EventRounds "6"]
[EventCountry "GER"]
[SourceTitle "Telechess CBM 141"]
[Source "ChessBase"]
[SourceDate "2011.03.17"]
[SourceVersion "1"]
[SourceVersionDate "2011.03.17"]
[SourceQuality "1"]

1. d4 d5 2. c4 e6 3. c5 Bd7 4. Nf3 Be7 5. Bf4 Nf6 6. e3 0-0 7. Bd3 Nc6 8. 0-0 b6 9. cxb6 axb6 10. Nc3 Nb4 11. a3 Nxd3 12. Qxd3 c5 13. Rac1 Qc8 14. dxc5 bxc5 15. Rfd1 Qa6 16. Ne5 Qxd3 17. Rxd3 c4 18. Rd2 Ba4 19. Nxa4 Rxa4 20. Nc6 Bc5 21. Rdd1 Rc8 22. Ne5 g6 23. Rd2 Ne4 24. Rdc2 g5 25. Bg3 f6 26. Nd7 Rd8 27. Nxc5 Nxc5 28. f3 Nd3 29. Rd1 h6 30. Bc7 Rc8 31. Bd6 Ra6 32. h3 Nxb2 33. Rb1 Rxd6 34. Rcxb2 c3 35. Rc2 d4 36. exd4 Rxd4 37. Rb3 Rd1+ 38. Kf2 Rd2+ 39. Rxd2 cxd2 40. Ke2 Rc2 41. g3 e5 42. Rd3 Ra2 43. g4 Kg7 44. Kd1 Kg6 45. Ke2 d1Q+ 46. Kxd1 Rh2 47. a4 Ra2 48. Rd2 Rxa4 49. Ke2 h5 50. Ke3 h4 51. Rd3 Ra1 52. Kf2 Ra2+ 53. Kg1 Kg7 54. Rd1 Ra3 55. Kg2 Kg6 1/2-1/2

[Event "LSS No Engine Cup 17 Preliminary 4"]
[Site "LSS email"]
[Date "2010.02.21"]
[Round "?"]
[White "Andrews, John"]
[Black "Bonoldi, Fabio"]
[Result "0-1"]
[WhiteElo "951"]
[BlackElo "1881"]
[PlyCount "88"]
[EventDate "2010.02.22"]
[EventType "tourn (corr)"]
[EventRounds "6"]
[EventCountry "GER"]
[SourceTitle "Telechess CBM 147"]
[Source "ChessBase"]
[SourceDate "2012.03.16"]
[SourceVersion "1"]
[SourceVersionDate "2012.03.16"]
[SourceQuality "1"]

1. d4 g6 2. e4 Bg7 3. Nf3 d6 4. Bc4 Nf6 5. Nc3 c6 6. 0-0 0-0 7. e5 Ne8 8. Be3 Nc7 9. exd6 exd6 10. Qd2 d5 11. Bd3 Bg4 12. Be2 Nd7 13. Rfe1 Nf6 14. Bh6 Ne6 15. Bxg7 Kxg7 16. Ne5 Bxe2 17. Rxe2 Qb6 18. Nf3 Rfe8 19. Rb1 Re7 20. b3 Rae8 21. Rbe1 Qc7 22. h3 b5 23. a3 a5 24. Re3 Qd6 25. Nh4 Qxa3 26. Rg3 Kh8 27. Qh6 Nxd4 28. Rxe7 Qxe7 29. Qd2 Qe1+ 30. Qxe1 Rxe1+ 31. Kh2 Nxc2 32. Nf3 Nb4 33. Nd4 Ne4 34. Rf3 Kg7 35. g4 Nd2 36. Rg3 Nf1+ 37. Kg2 Nxg3 38. Kxg3 Ra1 39. Nce2 a4 40. bxa4 bxa4 41. Nc3 a3 42. f4 a2 43. Nb3 Rb1 44. Nxa2 Rxb3+ 0-1

[Event "LSS No Engine Cup 17 Preliminary 4"]
[Site "LSS email"]
[Date "2010.02.21"]
[Round "?"]
[White "Andrews, John"]
[Black "Lonyuk, Bohdan"]
[Result "0-1"]
[WhiteElo "1061"]
[BlackElo "1247"]
[PlyCount "66"]
[EventDate "2010.02.22"]
[EventType "tourn (corr)"]
[EventRounds "6"]
[EventCountry "GER"]
[SourceTitle "Corr 2013"]
[Source "ChessBase"]
[SourceDate "2012.11.12"]
[SourceVersion "1"]
[SourceVersionDate "2012.11.12"]
[SourceQuality "1"]

1. e4 g6 2. d4 Bg7 3. Nf3 d6 4. Bc4 Nf6 5. Nc3 0-0 6. 0-0 Nc6 7. Bf4 Bg4 8. e5 Nd7 9. h3 Bxf3 10. gxf3 dxe5 11. dxe5 Ndxe5 12. Bd5 e6 13. Bxc6 Nxc6 14. Bd2 Nd4 15. Rb1 Nxf3+ 16. Qxf3 Qxd2 17. Rbc1 c6 18. Rfd1 Qg5+ 19. Kf1 Rad8 20. Ne4 Rxd1+ 21. Rxd1 Qb5+ 22. Kg2 Qxb2 23. Rd7 Qb5 24. h4 h5 25. Nd6 Qd5 26. Qxd5 cxd5 27. Nxb7 Rc8 28. Nd6 Rxc2 29. Rxa7 f5 30. Kf3 Bd4 31. Nf7 Rxf2+ 32. Kg3 f4+ 33. Kh3 Bxa7 0-1

[Event "LSS No Engine Cup 17 Preliminary 4"]
[Site "LSS email"]
[Date "2010.02.21"]
[Round "?"]
[White "Novak, Tibor"]
[Black "Andrews, John"]
[Result "0-1"]
[WhiteElo "699"]
[BlackElo "1073"]
[PlyCount "56"]
[EventDate "2010.02.22"]
[EventType "tourn (corr)"]
[EventRounds "6"]
[EventCountry "GER"]
[SourceTitle "Corr 2013"]
[Source "ChessBase"]
[SourceDate "2012.11.12"]
[SourceVersion "1"]
[SourceVersionDate "2012.11.12"]
[SourceQuality "1"]

1. e4 e5 2. Nf3 Nc6 3. Bb5 d6 4. Bxc6+ bxc6 5. h3 Nf6 6. b3 Ba6 7. d4 Be7 8. dxe5 Nxe4 9. Qd4 d5 10. Nc3 Bc5 11. Qa4 Bxf2+ 12. Kd1 Nxc3+ 13. Kd2 Nxa4 14. bxa4 0-0 15. Rf1 Bb6 16. Bb2 Bxf1 17. Rxf1 Ba5+ 18. Kc1 Qb8 19. Re1 Bxe1 20. Nxe1 Qb6 21. Nd3 Qg1+ 22. Kd2 Qxg2+ 23. Kc3 Qxh3 24. Ba3 Rfe8 25. Kb2 Rab8+ 26. Bb4 c5 27. Nxc5 Rxb4+ 28. Nb3 Rxe5 0-1

[Event "LSS No Engine Cup 16 Preliminary 1"]
[Site "LSS email"]
[Date "2010.02.07"]
[Round "?"]
[White "Grabowski, Benedykt"]
[Black "Andrews, John"]
[Result "1-0"]
[WhiteElo "1855"]
[BlackElo "1172"]
[PlyCount "41"]
[EventDate "2010.02.08"]
[EventType "tourn (corr)"]
[EventRounds "6"]
[EventCountry "GER"]
[SourceTitle "Corr 2013"]
[Source "ChessBase"]
[SourceDate "2012.11.12"]
[SourceVersion "1"]
[SourceVersionDate "2012.11.12"]
[SourceQuality "1"]

1. e4 e6 2. d4 d5 3. Nc3 Bb4 4. e5 Ne7 5. a3 Bxc3+ 6. bxc3 Nbc6 7. Bd3 Bd7 8. Rb1 Rb8 9. Qg4 Ng6 10. Nf3 Nce7 11. 0-0 0-0 12. h4 Nf5 13. h5 Nge7 14. h6 b6 15. hxg7 Re8 16. Qh5 Kxg7 17. Ng5 Nh6 18. Nxe6+ Bxe6 19. Qxh6+ Kg8 20. Qxh7+ Kf8 21. Bh6# 1-0

[Event "LSS No Engine Cup 16 Preliminary 1"]
[Site "LSS email"]
[Date "2010.02.07"]
[Round "?"]
[White "Jenneborg, Seved"]
[Black "Andrews, John"]
[Result "1-0"]
[WhiteElo "1590"]
[BlackElo "1099"]
[PlyCount "49"]
[EventDate "2010.02.08"]
[EventType "tourn (corr)"]
[EventRounds "6"]
[EventCountry "GER"]
[SourceTitle "Corr 2013"]
[Source "ChessBase"]
[SourceDate "2012.11.12"]
[SourceVersion "1"]
[SourceVersionDate "2012.11.12"]
[SourceQuality "1"]

1. e4 c5 2. c3 Nc6 3. d4 cxd4 4. cxd4 d6 5. d5 Ne5 6. f4 Ng6 7. Nf3 Nf6 8. Nc3 Bg4 9. f5 Ne5 10. Nxe5 dxe5 11. Bb5+ Nd7 12. Qxg4 Qb6 13. f6 e6 14. fxg7 Bxg7 15. Qxg7 0-0-0 16. Bxd7+ Kb8 17. Bg5 Qxb2 18. Qxe5+ Ka8 19. Rb1 Qxg2 20. Nb5 Qxh1+ 21. Ke2 Qxb1 22. Nc7+ Kb8 23. Na6+ Ka8 24. Qb8+ Rxb8 25. Nc7# 1-0

[Event "LSS No Engine Cup 15 Preliminary 6"]
[Site "LSS email"]
[Date "2010.01.24"]
[Round "?"]
[White "Andrews, John"]
[Black "Paetzold, Ortwin"]
[Result "0-1"]
[WhiteElo "981"]
[BlackElo "1177"]
[PlyCount "78"]
[EventDate "2010.01.25"]
[EventType "tourn (corr)"]
[EventRounds "6"]
[EventCountry "GER"]
[SourceTitle "Telechess CBM 141"]
[Source "ChessBase"]
[SourceDate "2011.03.17"]
[SourceVersion "1"]
[SourceVersionDate "2011.03.17"]
[SourceQuality "1"]

1. e4 e5 2. Nf3 Nc6 3. Bb5 a6 4. Ba4 Nf6 5. d3 b5 6. Bb3 Be7 7. 0-0 0-0 8. Be3 Ng4 9. Nc3 Nxe3 10. fxe3 Na5 11. Nd2 Bb7 12. Qf3 Bf6 13. Rf2 Nxb3 14. Nxb3 d6 15. Raf1 c5 16. Qg3 Kh8 17. Nd5 Bxd5 18. exd5 Bh4 19. Qf3 Bxf2+ 20. Rxf2 f6 21. Nd2 Ra7 22. c3 f5 23. b3 Raf7 24. a3 Qa5 25. Nb1 f4 26. e4 b4 27. axb4 cxb4 28. Rc2 Qa1 29. Rc1 bxc3 30. Qd1 Qb2 31. Nxc3 f3 32. gxf3 Rxf3 33. Na4 Qd4+ 34. Kg2 Rf2+ 35. Kh1 Qe3 36. Nc3 Rxh2+ 37. Kxh2 Rf2+ 38. Kh1 Qh3+ 39. Kg1 Qg2# 0-1

[Event "LSS No Engine Cup 15 Preliminary 6"]
[Site "LSS email"]
[Date "2010.01.24"]
[Round "?"]
[White "Bester, Kazimierz"]
[Black "Andrews, John"]
[Result "1-0"]
[WhiteElo "741"]
[BlackElo "1077"]
[PlyCount "127"]
[EventDate "2010.01.25"]
[EventType "tourn (corr)"]
[EventRounds "6"]
[EventCountry "GER"]
[SourceTitle "Corr 2013"]
[Source "ChessBase"]
[SourceDate "2012.11.12"]
[SourceVersion "1"]
[SourceVersionDate "2012.11.12"]
[SourceQuality "1"]

1. e4 c5 2. Nf3 Nc6 3. Nc3 g6 4. d4 cxd4 5. Nd5 Bg7 6. Bb5 Nf6 7. Nxf6+ Bxf6 8. 0-0 e5 9. c3 dxc3 10. bxc3 0-0 11. a4 d6 12. Ba3 Be7 13. Qc2 Bg4 14. Nd2 Rc8 15. f3 Be6 16. Rad1 Nd4 17. Qd3 Nxb5 18. axb5 Qc7 19. Bb4 Rfd8 20. Rc1 Bg5 21. Rc2 Bxd2 22. Qxd2 Bc4 23. Rfc1 d5 24. Qg5 Bxb5 25. Be7 Rd7 26. Bf6 Qc5+ 27. Kh1 a5 28. Bxe5 Rc6 29. Bd4 Qf8 30. exd5 Rcd6 31. c4 Ba6 32. Bc5 Qe8 33. Bxd6 Rxd6 34. c5 Rd7 35. c6 bxc6 36. Rxc6 Bb7 37. R6c5 Re7 38. h4 Re5 39. Qh6 a4 40. Qd2 Qd7 41. Qa5 Rxd5 42. Rxd5 Bxd5 43. Rd1 Qe7 44. Qxd5 Qxh4+ 45. Kg1 Qb4 46. Qe5 Qb6+ 47. Kh2 a3 48. Rc1 Qd8 49. Ra1 Qh4+ 50. Kg1 Qa4 51. Rb1 Qa7+ 52. Kh2 f6 53. Rb8+ Kg7 54. Qe8 Qc5 55. Qg8+ Kh6 56. Qf8+ Qxf8 57. Rxf8 f5 58. Ra8 Kg5 59. Rxa3 h6 60. Ra4 h5 61. Kh3 Kh6 62. Ra6 Kg7 63. Kh4 Kh6 64. f4 1-0

[Event "LSS OP-2009-0-01008"]
[Site "LSS email"]
[Date "2009.12.02"]
[Round "?"]
[White "Andrews, John"]
[Black "Ausan, Leo Tito Jr"]
[Result "0-1"]
[WhiteElo "1163"]
[BlackElo "800"]
[PlyCount "46"]
[EventDate "2009.11.24"]
[EventType "tourn (corr)"]
[EventRounds "4"]
[EventCountry "GER"]
[SourceTitle "Telechess CBM 137"]
[Source "ChessBase"]
[SourceDate "2010.07.15"]
[SourceVersion "1"]
[SourceVersionDate "2010.07.15"]
[SourceQuality "1"]

1. e4 e5 2. Nf3 Nc6 3. Bb5 Nge7 4. 0-0 a6 5. Bxc6 Nxc6 6. d4 Bd6 7. d5 Ne7 8. Bg5 f6 9. Be3 0-0 10. c4 c5 11. Nbd2 Ng6 12. a3 Be7 13. b3 d6 14. b4 b6 15. Nb3 f5 16. Qd3 fxe4 17. Qd1 exf3 18. gxf3 Bh3 19. Re1 Bg5 20. Qd2 Bxe3 21. Qxe3 Nf4 22. Kh1 Bg2+ 23. Kg1 Qg5 0-1

[Event "LSS ZL-2009-0-00613"]
[Site "LSS email"]
[Date "2009.11.17"]
[Round "?"]
[White "Ferluga, Sergio"]
[Black "Andrews, John"]
[Result "1-0"]
[WhiteElo "1171"]
[BlackElo "1221"]
[PlyCount "37"]
[EventDate "2009.11.07"]
[EventType "match (corr)"]
[EventRounds "2"]
[EventCountry "GER"]
[SourceTitle "Telechess CBM 137"]
[Source "ChessBase"]
[SourceDate "2010.07.15"]
[SourceVersion "1"]
[SourceVersionDate "2010.07.15"]
[SourceQuality "1"]

1. e4 c5 2. c3 Nc6 3. d4 cxd4 4. cxd4 e6 5. d5 Ne5 6. Nc3 Bb4 7. Qd4 Bxc3+ 8. bxc3 d6 9. f4 Ng6 10. dxe6 Bxe6 11. f5 Ne5 12. fxe6 fxe6 13. Ba3 Ke7 14. Qxe5 Nf6 15. Bc4 Qd7 16. Rd1 Rad8 17. Rxd6 Qxd6 18. Qxe6+ Kf8 19. Qf7# 1-0

[Event "LSS ZL-2009-0-00606"]
[Site "LSS email"]
[Date "2009.11.03"]
[Round "?"]
[White "Andrews, John"]
[Black "Kawagoe, Toshiji"]
[Result "0-1"]
[WhiteElo "1284"]
[BlackElo "1351"]
[PlyCount "58"]
[EventDate "2009.10.27"]
[EventType "match (corr)"]
[EventRounds "2"]
[EventCountry "GER"]
[SourceTitle "Telechess CBM 137"]
[Source "ChessBase"]
[SourceDate "2010.07.15"]
[SourceVersion "1"]
[SourceVersionDate "2010.07.15"]
[SourceQuality "1"]

1. e4 d5 2. exd5 Qxd5 3. Nc3 Qa5 4. Nf3 Nf6 5. Bb5+ c6 6. Ba4 Bf5 7. 0-0 Ne4 8. Nxe4 Bxe4 9. Bb3 Bd5 10. c4 Bxf3 11. Qxf3 e6 12. d3 Bd6 13. Bf4 e5 14. Rae1 Nd7 15. Bg3 0-0 16. a3 Rae8 17. Re2 Nc5 18. Rfe1 Nxb3 19. Qh5 f5 20. f4 g6 21. Qg5 Nd4 22. Rf2 Ne6 23. Qh6 Nxf4 24. Rd1 Bc5 25. d4 Bxd4 26. Bxf4 Bxf2+ 27. Kxf2 exf4 28. Rd7 Rf7 29. Rd4 Qe1+ 0-1

[Event "LSS OP-2009-0-00982"]
[Site "LSS email"]
[Date "2009.10.30"]
[Round "?"]
[White "Andrews, John"]
[Black "Karger, Frank"]
[Result "0-1"]
[WhiteElo "1161"]
[BlackElo "2238"]
[PlyCount "70"]
[EventDate "2009.10.24"]
[EventType "tourn (corr)"]
[EventRounds "4"]
[EventCountry "GER"]
[SourceTitle "Telechess CBM 137"]
[Source "ChessBase"]
[SourceDate "2010.07.15"]
[SourceVersion "1"]
[SourceVersionDate "2010.07.15"]
[SourceQuality "1"]

1. e4 c5 2. Nf3 e6 3. Bc4 a6 4. 0-0 b5 5. Be2 Bb7 6. d3 Nc6 7. Bg5 Nf6 8. Nbd2 h6 9. Bxf6 Qxf6 10. Rb1 Be7 11. b3 0-0 12. h3 d6 13. Nh2 Qc3 14. Nhf3 Bf6 15. Nh2 Qa5 16. Ng4 Bc3 17. a4 Bxd2 18. Ne3 Bc3 19. axb5 axb5 20. f4 Bd4 21. Rf3 f5 22. Kh2 fxe4 23. dxe4 g5 24. Ng4 Qd8 25. Nxh6+ Kg7 26. fxg5 Qxg5 27. Ng4 Rxf3 28. Bxf3 Ne5 29. Nxe5 Bxe5+ 30. Kg1 Qe3+ 31. Kh1 Qf4 32. Qg1 Qg3 33. Rd1 Kf6 34. Rf1 Ke7 35. Bg4 Qxg4 0-1

[Event "LSS ZI-2009-0-00555"]
[Site "LSS email"]
[Date "2009.10.30"]
[Round "?"]
[White "Crossley, Peter"]
[Black "Andrews, John"]
[Result "1-0"]
[WhiteElo "1734"]
[BlackElo "1163"]
[PlyCount "47"]
[EventDate "2009.10.24"]
[EventType "match (corr)"]
[EventRounds "2"]
[EventCountry "GER"]
[SourceTitle "Telechess CBM 137"]
[Source "ChessBase"]
[SourceDate "2010.07.15"]
[SourceVersion "1"]
[SourceVersionDate "2010.07.15"]
[SourceQuality "1"]

1. e4 e5 2. Nf3 Nc6 3. Bb5 Nf6 4. 0-0 Bc5 5. d3 d6 6. c3 0-0 7. a4 Bd7 8. Bxc6 Bxc6 9. b4 Bb6 10. a5 a6 11. axb6 cxb6 12. c4 b5 13. cxb5 Bxb5 14. Nc3 Bd7 15. Bg5 Bg4 16. Nd5 h6 17. Nxf6+ gxf6 18. Bxh6 Re8 19. h3 Be6 20. Qe2 f5 21. Ng5 Rc8 22. f4 fxe4 23. f5 exd3 24. Qg4 1-0